Odvodová politika v podmienkach Slovenskej republiky

Aktuálny stav odvodovej politiky v podmienkach Slovenskej republiky, dotýkajúcej sa obzvlášť ľudí pracujúcich na dohodu.

Guardado en:
Detalles Bibliográficos
Autor principal: Imrovič, Michal
Otros Autores: Švikruha, Martin
Formato: Capítulo de libro
Lenguaje:eslovaco
Materias:
Etiquetas: Agregar Etiqueta
Sin Etiquetas, Sea el primero en etiquetar este registro!

MARC

LEADER 00000naa a2200000 4500
001 0175506
005 20231211131613.3
041 0 |a slo 
044 |a SK 
245 1 0 |a Odvodová politika v podmienkach Slovenskej republiky  |c Michal Imrovič, Martin Švikruha 
520 |a Aktuálny stav odvodovej politiky v podmienkach Slovenskej republiky, dotýkajúcej sa obzvlášť ľudí pracujúcich na dohodu. 
610 2 0 |a Slovensko 
610 2 0 |a odvody 
610 2 0 |a poistenie sociálne 
610 2 0 |a poistenie zdravotné 
610 2 0 |a dohody o vykonaní práce 
100 1 |a Imrovič, Michal 
700 1 |a Švikruha, Martin